LIBRARY & INFORMATION CENTRE, KCAET, TAVANUR

ONLINE PUBLIC ACCESS CATALOGUE (OPAC)

Design of Reinforced concrete structures,Part-1,2 / (Record no. 11036)

MARC details
000 -LEADER
fixed length control field 00604cam a2200241ua 4500
041 ## - LANGUAGE CODE
Language code of text/sound track or separate title eng
082 ## - DEWEY DECIMAL CLASSIFICATION NUMBER
Classification number 624.18341
Item number RAM/DE
100 ## - MAIN ENTRY--AUTHOR NAME
Personal name Ramamrutham, S.
245 ## - TITLE STATEMENT
Title Design of Reinforced concrete structures,Part-1,2 /
250 ## - EDITION STATEMENT
Edition statement 11 /
260 ## - PUBLICATION, DISTRIBUTION, ETC. (IMPRINT)
Place of publication Delhi :
Name of publisher Dhanpath Rai and sons ,
Year of publication 1993.
300 ## - PHYSICAL DESCRIPTION
Number of Pages 1344 ; .
500 ## - GENERAL NOTE
General note *CSS
700 1# - ADDED ENTRY--PERSONAL NAME
Personal name Narayan, R .
942 ## - ADDED ENTRY ELEMENTS (KOHA)
Koha item type Books
Holdings
Withdrawn status Lost status Damaged status Home library Current library Date acquired Full call number Accession Number Koha item type Shelving location
    Damaged KAUAET KAUAET 07/04/2012 624.18341 17909 Books  
      KAUAET KAUAET 15/02/2013 624.18341 RAM/DE 18230 Book Bank scheme for SC students Scheme
      KAUAET KAUAET 15/02/2013 624.18341 RAM/DE 18231 Book Bank scheme for SC students Binding Shelf
      KAUAET KAUAET 15/02/2013 624.18341 RAM/DE 18232 Book Bank scheme for SC students Binding Shelf
free website counter